Hypé, Aya Nakamura, paroles - Statistiques

Statistiques générales
  • Ce quiz a été pris 135 fois
  • Le résultat moyen est 116 sur 237
Statistiques - réponses
Réponse % Correct
de
91%
je
88%
hypé
83%
a
79%
la
77%
77%
plus
76%
que
76%
le
74%
crois
73%
il
73%
ce
70%
numéro
69%
les
66%
j'ai
64%
comme
62%
j'suis
62%
trop
62%
changer
60%
me
60%
vu
59%
facile
58%
tu
58%
une
58%
machine
57%
voir
57%
c'est
56%
dix
55%
pas
55%
qui
55%
sur
55%
bêtises
53%
aimait
52%
fille
52%
retrouvé
52%
hit
51%
n't'aime
51%
demande
50%
dick
50%
lui
50%
vue
50%
faisait
49%
des
48%
du
48%
l'ai
48%
t'as
48%
bah
47%
guerre
47%
nous
47%
déclaré
45%
d'vie
45%
j'devais
45%
jvais
45%
c'que
43%
ça
42%
dis
42%
j'me
42%
en
41%
moi
41%
qu'entre
41%
donne
40%
Michelle
40%
j'fais
38%
bitches
37%
boug
37%
pour
37%
sirène
35%
tout
35%
mais
34%
tous
34%
caméras
31%
et
31%
cinéma
30%
telle
30%
bougs
28%
deux
28%
suis
28%
vis
28%
c'était
27%
j'voulais
26%
racollais
26%
lover
23%
zaillé
19%
désenlovée
15%
j'sais
15%
seum
15%
toi
15%
fâché
13%
pétard
13%
commérages
12%
sais
12%
bombe
10%
cetera
10%
dans
10%
entendu
10%
est
10%
fini
10%
gars
10%
toutes
10%
coup
8%
doutes
7%
lâché
7%
qu'j'éteins
7%
mise
6%
quoi
6%
sentiments
6%
bouge
3%
j'étais
3%
dedans
2%
ti-tises
2%
bouchs
0%
taillé
0%
Aucun quiz correspondant
Distribution des résultats
% des personnes avec chaque résultat
Percentile par nombre de réponses
Votre historique - résultats
Vous n’avez pas pris ce quiz